Sports Quiz

Random Sports or NBA Quiz
Score 0/50 Timer 07:00
0 Plays Today
% Chance of Hall of Fame NBA Player % Correct
99.95%LeBron James
99.7%
100%Kobe Bryant
99.5%
99.99%Tim Duncan
98.4%
99.91%Dwyane Wade
98.4%
98.67%Dirk Nowitzki
97.8%
99.90%Kevin Garnett
97.5%
81.67%Carmelo Anthony
97.3%
98.27%Paul Pierce
96.2%
89.11%Chris Paul
95.9%
96.63%Ray Allen
95.6%
83.19%Tony Parker
95.1%
72.03%Kevin Durant
94.5%
94.84%Chris Bosh
94.3%
80.72%Dwight Howard
93.4%
61.27%Pau Gasol
93.2%
76.78%Vince Carter
92.9%
56.27%Steve Nash
91.8%
13.31%Manu Ginobili
87.4%
55.60%Amar'e Stoudemire
86.9%
21.37%Rajon Rondo
84.7%
23.94%Deron Williams
82.5%
.85%Mo Williams
82.2%
58.22%Tracy McGrady
80.9%
17.29%Joe Johnson
80.1%
7.96%Carlos Boozer
78.1%
% Chance of Hall of Fame NBA Player % Correct
33.99%Shawn Marion
73.8%
3.20%LaMarcus Aldridge
73.2%
1.88%David West
71.3%
22.28%Chauncey Billups
69.4%
3.95%David Lee
64.8%
.94%Josh Smith
64.2%
1.06%Danny Granger
62.8%
1.71%Luol Deng
62.6%
5.44%Zach Randolph
61.2%
7.66%Elton Brand
58.2%
1.47%Jason Terry
57.4%
5.08%Richard Hamilton
56.8%
1.76%Andre Iguodala
56.6%
2.99%Monta Ellis
55.7%
.96%Al Jefferson
55.5%
3.85%Jermaine O'Neal
55.2%
5.56%Antawn Jamison
54.1%
1.29%Rashard Lewis
50.5%
1.25%Andre Miller
48.6%
3.29%Lamar Odom
47.8%
1.16%Caron Butler
46.2%
1.03%Metta World Peace
40.7%
2.86%Derek Fisher
38.3%
1.16%Jerry Stackhouse
35%
.87%Raymond Felton
26%

You're not logged in!

Compare scores with friends on all Sporcle quizzes.
OR
Log In

Sporcle TV

Today on Sporcle TV


Watch our educational content, quiz creation guides, and fun videos on Sporcle TV.

Show Comments

Extras

Top Quizzes Today


Score Distribution

Paid Content

Your Account Isn't Verified!

In order to create a playlist on Sporcle, you need to verify the email address you used during registration. Go to your Sporcle Settings to finish the process.

Report this User

Report this user for behavior that violates our Community Guidelines.

Details: